| 000 | 00499nam a2200181 4500 | ||
|---|---|---|---|
| 001 | 9632 | ||
| 005 | 20230404125853.0 | ||
| 008 | 060907n2002 dr spa | ||
| 020 | _a0898757150 | ||
| 035 | _9funglode9712 | ||
| 041 | _aEN | ||
| 050 | 1 | 4 | _a002 UA 24 R765a 2002 |
| 100 | _aRomjue, John L. | ||
| 245 | 1 |
_aAmerican army doctrine for the post-cold war / _cJohn L. Romjue |
|
| 260 |
_aHonolulu : _bUniversity Press of the Pacific, _c2002 |
||
| 300 | _aiv, 160 p. | ||
| 942 |
_2lcc _cbk |
||
| 999 |
_c6382 _d6382 |
||